Indian Economic Review (Record no. 23916)
[ view plain ]
| 000 -LEADER | |
|---|---|
| fixed length control field | 00801n a2200385 a 4500 |
| 001 - CONTROL NUMBER | |
| control field | 175 |
| 022 ## - | |
| International Standard Serial Number | 00194670 |
| 082 ## - | |
| Classification number | |
| Item number | |
| 110 ## - | |
| Corporate name or jurisdiction name as entry element | |
| 222 ## - | |
| Key title | |
| 245 ## - TITLE STATEMENT | |
| Title | Indian Economic Review |
| 246 ## - | |
| Title proper/short title | |
| 260 ## - | |
| Place of publication, distribution, etc | New Delhi |
| Name of publisher, distributor, etc | Springer Nature India Private Limited |
| Date of publication, distribution, etc | |
| 362 ## - | |
| Dates of publication and/or sequential designation | 53 |
| 400 ## - | |
| Date of a work | 1 |
| 410 ## - | |
| Date of a work | 2018 |
| 440 ## - | |
| Title | |
| 500 ## - | |
| General note | |
| 520 ## - | |
| Summary, etc | |
| 600 ## - | |
| Personal name | |
| 610 ## - | |
| Corporate name or jurisdiction name as entry element | |
| 611 ## - | |
| Meeting name or jurisdiction name as entry element | |
| 630 ## - | |
| Uniform title | |
| 650 ## - | |
| Topical term or geographic name as entry element | |
| 651 ## - | |
| Geographic name | |
| 653 ## - | |
| Uncontrolled term | Economics |
| 654 ## - | |
| Focus term | |
| 700 ## - | |
| Personal name | Dua, P. |
| 720 ## - | |
| Name | |
| 730 ## - | |
| Uniform title | |
| 740 ## - | |
| Uncontrolled related/analytical title | |
| 856 ## - | |
| Uniform Resource Identifier | <a href="www.springer.com">www.springer.com</a> |
| 270 ## - | |
| Address | 7th Floor, Vijaya Building, 17, Barakhamba Road, New Delhi 110 001, India |
| City | New Delhi |
| Country | India |
| Electronic mail address | customerservice@springer.com |
| 964 ## - | |
| -- | |
| -- | |
| -- | |
| -- | |
| -- | |
| -- | |
| -- | |
No items available.
